Movies Quiz

Random Movies or Actor Quiz

The 3rd Thing You Need to Know: Actors Quiz Stats

 Plays Quiz Updated Sep 7, 2017

Score 0/20 Timer 04:00
4 Plays Today
% Correct
Daniel Radcliffe
92.6%
Arnold Schwarzenegger
91.6%
Bruce Willis
91.2%
Jackie Chan
88.5%
Gregory Peck
81.7%
Brad Pitt
81%
Eddie Murphy
78.1%
Daniel Day-Lewis
61%
Joseph Gordon-Levitt
58.9%
Charles Laughton
51.2%
% Correct
Clive Owen
50.7%
Tom Cruise
50.1%
Richard Burton
49.8%
Cary Grant
48.1%
Martin Landau
46.6%
Jack Nicholson
46.6%
Mark Hamill
43.2%
Eddie Redmayne
43.1%
Michael Fassbender
42.4%
Bill Murray
38.9%

You're not logged in!

Compare scores with friends on all Sporcle quizzes.
OR
Log In

Sporcle TV

Today on Sporcle TV


Watch our educational content, quiz creation guides, and fun videos on Sporcle TV.

Show Comments

Extras

Top Quizzes Today


Score Distribution

Your Account Isn't Verified!

In order to create a playlist on Sporcle, you need to verify the email address you used during registration. Go to your Sporcle Settings to finish the process.

Report this User

Report this user for behavior that violates our Community Guidelines.

Details: